000 00611nam a2200217Ii 4500
003 JO-AjNU
008 230606s9999||||xx |||||||||||||| ||und||
020 _a978-93-9116-224-8
040 _aJO-AjNU
_beng
_erda
_cJO-AjNU
041 _aeng
050 1 4 _aQA331.G86 2011
100 3 _aGupta. Anuradha,
_eauthor
_94491
245 0 0 _aComplex Analysis
250 _aAne.s Student Ed
264 3 1 _anew delhi: Ane Books Pvt. Ltd, 2011
300 _a420p
336 _atext
_btxt
_2rdacontent
337 _aunmediated
_bn
_2rdamedia
338 _avolume
_bnc
_2rdacarrier
650 4 _a Mathematics Analysis
_94492
999 _aE2331
_c2329
_d2329